University Home | Library Home | Institutional Repository

Editing and design : (Record no. 171831)

MARC details
000 -LEADER
fixed length control field 00605cam0a220021700 4500
001 - CONTROL NUMBER
control field zam00003239
008 - FIXED-LENGTH DATA ELEMENTS--GENERAL INFORMATION
fixed length control field 951128s1973 xx eng u
035 ## - SYSTEM CONTROL NUMBER
System control number (Sirsi) r20571
035 ## - SYSTEM CONTROL NUMBER
System control number (MACHINE)SLC.
100 ## - MAIN ENTRY--PERSONAL NAME
Personal name Evans, H.
Linkage A81681.1
245 10 - TITLE STATEMENT
Title Editing and design :
Remainder of title Book five newspaper design.
260 ## - PUBLICATION, DISTRIBUTION, ETC.
Date of publication, distribution, etc. 1973.
591 ## -
-- Class code: MC 420.
591 ## -
-- Course: Reporting.
591 ## -
-- School: S05.
591 ## -
-- Lecturer: Prof. KASOMA, F.P.
591 ## -
-- Number of Students: 30.
949 ## - LOCAL PROCESSING INFORMATION (OCLC)
a PN4775
w lcc
m MAIN
p 2500
t SHORTLOAN
l SHORTLOAN
909 ## -
-- Book

No items available.

© 2026 - The University of Zambia Library - Koha v25.11